00520 a2200169 450000100060000008200150000609000170002110000610003824500410009925000060014026000250014630000200017150000190019194200250021099900190023595200960025492050 a327.12 JEN c44008d44007 aCarl J Jensen, III; David H Mcelreath and Melissa Graves aIntroduction to Intelligence Studies a1 aUSAbCRC Pressc2013 axxii, 352p.bHb aReference book aCAE NUSTk327.12 JEN c327123d327123 001040708NFICaCAEbCAEd2017-04-03l0o327.12 JENpCAE88427r2017-04-05w2017-04-05yBK